Shigeru Miyamoto Games - Statistics

General Stats
  • This quiz has been taken 21 times
  • The average score is 9 of 16
Answer Stats
Year Console Game % Correct
1981 Arcade Donkey Kong
90%
1985 NES Super Mario Bros.
86%
1986 NES The Legend of Zelda
86%
1983 Arcade Mario Bros.
81%
1988 NES Super Mario Bros. 3
76%
1996 N64 Super Mario 64
71%
1982 Arcade Donkey Kong Jr.
67%
2016 Mobile Super Mario Run
67%
1983 Arcade Donkey Kong 3
62%
1984 NES Duck Hunt
52%
1986 Famicom Super Mario Bros.: The Lost Levels
38%
1984 NES Excitebike
33%
1984 Famicom Devil World
24%
1984 NES Hogan’s Alley
19%
1984 NES Wild Gunman
19%
1985 NES Kung-Fu
10%
No matching quizzes found
Score Distribution
Percent of People with Each Score
Percentile by Number Answered
Your Score History
You have not taken this quiz